00466nam a22001457a 4500020001900000082001500019100004800034245001900082260004400101300000800145650001900153942000700172952012400179999001700303 a09788184655995 a297.08 MUL aMultani, Syed Waheedullah Hussaini Al-Qadri aAnwar-e- Islam aHyderabadbHenry Martyn Institutec2016 a282 aIslam _ essays cBK 00104070aHMIbHMId2017-03-23eRev. Dr Packiam T.Samualg200.00l0o297.08 MULp11- 3485r2017-03-23w2017-03-23yBK c20372d20372